000 00309nam a22001337a 4500
008 171127b xxu||||| |||| 00| 0 eng d
020 _a9781587131141
041 _aeng
080 _23 ED
_a004
100 _a29
101 _aSHK
245 _aCISCO NETWORKING ACADEMY PROGRAM
_cCIS
942 _2udc
_cBK
999 _c38524
_d38524